[Event "Ghent Taminco op 38th"]
[Site "Ghent"]
[Date "2015.07.21"]
[Round "7"]
[White "Stone, Andrew M"]
[Black "Polee, Hans"]
[Result "1/2-1/2"]
[WhiteElo "2209"]
[BlackElo "2108"]
[PlyCount "35"]
[EventDate "2015.07.18"]
[EventType "swiss"]
[EventRounds "9"]
[EventCountry "BEL"]
[SourceTitle "CBM 167 Extra"]
[Source "ChessBase"]
[SourceDate "2015.09.14"]
[SourceVersion "1"]
[SourceVersionDate "2015.09.14"]
[SourceQuality "1"]

1. c4 Nf6 2. g3 g6 3. Bg2 Bg7 4. d4 0-0 5. Nc3 d6 6. Nf3 Nc6 7. 0-0 Bf5 8. Ne1 Qc8 9. e4 Bh3 10. Nc2 Bxg2 11. Kxg2 e5 12. d5 Ne7 13. f3 Ne8 14. Be3 f5 15. b4 h5 16. Bg5 Rf7 17. h3 Nf6 18. Qe2 1/2-1/2

[Event "Groningen op compact-A 51st"]
[Site "Groningen"]
[Date "2013.12.26"]
[Round "1"]
[White "Van der Velde, Wytse"]
[Black "Polee, Hans"]
[Result "0-1"]
[WhiteElo "1977"]
[BlackElo "2078"]
[PlyCount "54"]
[EventDate "2013.12.26"]
[EventType "swiss"]
[EventRounds "5"]
[EventCountry "NED"]
[SourceTitle "CBM 158 Extra"]
[Source "ChessBase"]
[SourceDate "2014.02.28"]
[SourceVersion "1"]
[SourceVersionDate "2014.02.28"]
[SourceQuality "1"]

1. e4 c5 2. d4 cxd4 3. c3 dxc3 4. Nxc3 Nc6 5. Nf3 d6 6. Bc4 e6 7. 0-0 Nf6 8. Qe2 Be7 9. Rd1 e5 10. Be3 a6 11. Rac1 0-0 12. a3 Bd7 13. b4 b5 14. Ba2 Rc8 15. h3 Be6 16. Nd5 Bxd5 17. Bxd5 Nxd5 18. Rxd5 Qc7 19. g4 Qb7 20. Qd3 Rfd8 21. Rd1 Kf8 22. Kg2 Ke8 23. Kh2 Rc7 24. Kg2 Rdc8 25. Bd2 Nd8 26. Kg3 Ne6 27. Qe3 Nf4 0-1